Autumn in my heart / (Record no. 87764)

MARC details
000 -LEADER
fixed length control field 00591nam a22001937a 4500
005 - DATE AND TIME OF LATEST TRANSACTION
control field 20140811122747.0
010 ## - LCCN (DPL NO)
LC control number B-506276-280
020 ## - INTERNATIONAL STANDARD BOOK NUMBER
International Standard Book Number 9789380828541
Terms of availability 150.00
035 ## - SYSTEM CONTROL NUMBER
System control number B-506276-280
037 ## - SOURCE OF ACQUISITION
Stock number KBD/Ven
Source of stock number/acquisition dpl
082 ## - DEWEY DECIMAL CLASSIFICATION NUMBER
Classification number S
100 ## - MAIN ENTRY--PERSONAL NAME
Personal name Basu, Saptarshi
245 ## - TITLE STATEMENT
Title Autumn in my heart /
Statement of responsibility, etc by Saptarshi Basu
260 ## - PUBLICATION, DISTRIBUTION, ETC. (IMPRINT)
Place of publication, distribution, etc New Delhi
Name of publisher, distributor, etc Vitasta Publishers
Date of publication, distribution, etc 2012
270 ## - ADDRESS
Address 2/15, Ansari Road, Daryaganj
City Delhi
Postal code 110002
300 ## - PHYSICAL DESCRIPTION
Extent 162p.
Dimensions 24cms.
942 ## - ADDED ENTRY ELEMENTS (KOHA)
Source of classification or shelving scheme Dewey Decimal Classification
Item type English Books
Classification part S
Call number suffix BAS
Holdings
Withdrawn status Lost status Not for loan Collection code Home library Current library Date acquired Source of acquisition Cost, normal purchase price Full call number Barcode Copy number Cost, replacement price Koha item type
      Fiction Central Library Central Library 11/08/2014 KBD/BL22/19.3.2013/171/19.3.2013/22.3.2013 150.00 S BAS B-506276 1 150.00 English Books
      Fiction Patel Nagar Patel Nagar 11/08/2014 KBD/BL22/19.3.2013/171/19.3.2013/22.3.2013 150.00 S BAS B-506277 1 150.00 English Books
      Fiction Sarojini Nagar Sarojini Nagar 11/08/2014 KBD/BL22/19.3.2013/171/19.3.2013/22.3.2013 150.00 S BAS B-506278 1 150.00 English Books
      Fiction Sriniwas Puri Sriniwas Puri 11/08/2014 KBD/BL22/19.3.2013/171/19.3.2013/22.3.2013 150.00 S BAS B-506279 1 150.00 English Books
      Fiction Vinoba Puri Vinoba Puri 11/08/2014 KBD/BL22/19.3.2013/171/19.3.2013/22.3.2013 150.00 S BAS B-506280 1 150.00 English Books

© Delhi Public Library
Hit Counter
free hit counter